[Event "Villarobledo Online Qualifyer"]
[Site "playchess.com #155672"]
[Date "2009.05.23"]
[Round "3"]
[White "Kakaku"]
[Black "Master of poker"]
[Result "0-1"]
[WhiteElo "1853"]
[BlackElo "2466"]
[PlyCount "74"]
[EventDate "2009.05.23"]
[EventType "swiss (blitz)"]

1. d4 {[%emt 0:00:01]} Nf6 {[%emt 0:00:01]} 2. Nf3 {[%emt 0:00:01]} c5 {[%emt
0:00:01]} 3. c3 {[%emt 0:00:02]} d5 {[%emt 0:00:01]} 4. Bf4 {[%emt 0:00:08]}
Nc6 {[%emt 0:00:03]} 5. e3 {[%emt 0:00:02]} Qb6 {[%emt 0:00:01]} 6. Qc2 {[%emt
0:00:06]} Bf5 {[%emt 0:00:01]} 7. Qc1 {[%emt 0:00:07]} e6 {[%emt 0:00:04]} 8.
Be2 {[%emt 0:00:03]} Rc8 {[%emt 0:00:02]} 9. O-O {[%emt 0:00:10]} Be7 {[%emt 0:
00:06]} 10. Nbd2 {[%emt 0:00:07]} O-O {[%emt 0:00:04]} 11. Nh4 {[%emt 0:00:10]}
cxd4 {[%emt 0:00:06]} 12. Nxf5 {[%emt 0:00:09]} exf5 {[%emt 0:00:00]} 13. exd4
{[%emt 0:00:17]} Nxd4 {[%emt 0:00:01]} 14. Bd3 {[%emt 0:00:06]} Ne6 {[%emt 0:
00:17]} 15. Nb3 {[%emt 0:00:18]} Ne4 {[%emt 0:00:36]} 16. Be5 {[%emt 0:00:25]}
N6c5 {[%emt 0:00:17]} 17. Nxc5 {[%emt 0:00:19]} Bxc5 {[%emt 0:00:06]} 18. Bxe4
{[%emt 0:00:12]} fxe4 {[%emt 0:00:07]} 19. Qg5 {[%emt 0:00:16]} f6 {[%emt 0:00:
04]} 20. Qg3 {[%emt 0:00:03]} fxe5 {[%emt 0:00:01]} 21. Qxe5 {[%emt 0:00:06]}
Qd6 {[%emt 0:00:06]} 22. Qh5 {[%emt 0:00:05]} e3 {[%emt 0:00:05]} 23. fxe3 {
[%emt 0:00:05]} Bxe3+ {[%emt 0:00:01]} 24. Kh1 {[%emt 0:00:00]} g6 {[%emt 0:00:
12]} 25. Qh3 {[%emt 0:00:05]} Bf4 {[%emt 0:00:14]} 26. Rad1 {[%emt 0:00:05]}
Be5 {[%emt 0:00:01]} 27. Qd3 {[%emt 0:00:06]} Rxf1+ {[%emt 0:00:03]} 28. Rxf1 {
[%emt 0:00:03]} Rf8 {[%emt 0:00:07]} 29. Rd1 {[%emt 0:00:01]} Kg7 {[%emt 0:00:
05]} 30. g3 {[%emt 0:00:14]} d4 {[%emt 0:00:09]} 31. cxd4 {[%emt 0:00:03]} Qd5+
{[%emt 0:00:07]} 32. Kg1 {[%emt 0:00:01]} Rf3 {[%emt 0:00:04]} 33. Qe2 {[%emt
0:00:04]} Bxd4+ {[%emt 0:00:01]} 34. Rxd4 {[%emt 0:00:04]} Qxd4+ {[%emt 0:00:
02]} 35. Kg2 {[%emt 0:00:00]} Re3 {[%emt 0:00:05]} 36. Qb5 {[%emt 0:00:02]}
Qe4+ {[%emt 0:00:04]} 37. Kh3 {[%emt 0:00:02]} Qf5+ {[%emt 0:00:05] Kakaku
resigns} 0-1

[Event "Villarobledo Online Qualifyer"]
[Site "playchess.com #155672"]
[Date "2009.05.23"]
[Round "3"]
[White "Sophie_Neveu"]
[Black "Ricardov"]
[Result "1-0"]
[WhiteElo "2142"]
[BlackElo "2441"]
[PlyCount "135"]
[EventDate "2009.05.23"]
[EventType "swiss (blitz)"]

1. c4 {[%emt 0:00:04]} c6 {[%emt 0:00:02]} 2. Nf3 {[%emt 0:00:05]} d5 {[%emt 0:
00:02]} 3. g3 {[%emt 0:00:01]} Nf6 {[%emt 0:00:01]} 4. Bg2 {[%emt 0:00:01]} Bf5
{[%emt 0:00:04]} 5. cxd5 {[%emt 0:00:02]} cxd5 {[%emt 0:00:01]} 6. O-O {[%emt
0:00:03]} e6 {[%emt 0:00:01]} 7. Qb3 {[%emt 0:00:02]} Qb6 {[%emt 0:00:01]} 8.
Qxb6 {[%emt 0:00:27]} axb6 {[%emt 0:00:03]} 9. Nd4 {[%emt 0:00:01]} Bg6 {[%emt
0:00:02]} 10. Nc3 {[%emt 0:00:01]} Bc5 {[%emt 0:00:03]} 11. Nb3 {[%emt 0:00:01]
} Na6 {[%emt 0:00:02]} 12. d4 {[%emt 0:00:04]} Bd6 {[%emt 0:00:03]} 13. Nb5 {
[%emt 0:00:04]} Bb8 {[%emt 0:00:01]} 14. Bd2 {[%emt 0:00:06]} O-O {[%emt 0:00:
07]} 15. Rac1 {[%emt 0:00:01]} Ne4 {[%emt 0:00:05]} 16. Bxe4 {[%emt 0:00:02]}
Bxe4 {[%emt 0:00:02]} 17. f3 {[%emt 0:00:01]} Bg6 {[%emt 0:00:01]} 18. a3 {
[%emt 0:00:10]} h6 {[%emt 0:00:01]} 19. Kf2 {[%emt 0:00:02]} Rd8 {[%emt 0:00:
10]} 20. Rc3 {[%emt 0:00:08]} Bd6 {[%emt 0:00:01]} 21. Rfc1 {[%emt 0:00:01]}
Be7 {[%emt 0:00:07]} 22. Bf4 {[%emt 0:00:01]} Bg5 {[%emt 0:00:06]} 23. e3 {
[%emt 0:00:14]} Bxf4 {[%emt 0:00:02]} 24. gxf4 {[%emt 0:00:01]} f6 {[%emt 0:00:
08]} 25. Nd2 {[%emt 0:00:05]} Be8 {[%emt 0:00:04]} 26. Nc7 {[%emt 0:00:04]}
Nxc7 {[%emt 0:00:07]} 27. Rxc7 {[%emt 0:00:00]} Bc6 {[%emt 0:00:01]} 28. Rg1 {
[%emt 0:00:12]} Rd7 {[%emt 0:00:02]} 29. Rxd7 {[%emt 0:00:03]} Bxd7 {[%emt 0:
00:01]} 30. e4 {[%emt 0:00:01]} Bc6 {[%emt 0:00:02]} 31. Ke3 {[%emt 0:00:01]}
Ra4 {[%emt 0:00:03]} 32. Rc1 {[%emt 0:00:02]} Kh7 {[%emt 0:00:05]} 33. f5 {
[%emt 0:00:06]} exf5 {[%emt 0:00:03]} 34. exf5 {[%emt 0:00:01]} Ra8 {[%emt 0:
00:03]} 35. Re1 {[%emt 0:00:04]} Re8+ {[%emt 0:00:03]} 36. Kf2 {[%emt 0:00:01]}
Rxe1 {[%emt 0:00:01]} 37. Kxe1 {[%emt 0:00:00]} Bd7 {[%emt 0:00:01]} 38. Nb1 {
[%emt 0:00:02]} Bxf5 {[%emt 0:00:01]} 39. Nc3 {[%emt 0:00:00]} Be6 {[%emt 0:00:
02]} 40. Na4 {[%emt 0:00:01]} b5 {[%emt 0:00:03]} 41. Nc5 {[%emt 0:00:04]} Bc8
{[%emt 0:00:02]} 42. Kf2 {[%emt 0:00:02]} Kg6 {[%emt 0:00:03]} 43. f4 {[%emt 0:
00:01]} Kf5 {[%emt 0:00:03]} 44. Kf3 {[%emt 0:00:01]} g5 {[%emt 0:00:04]} 45.
fxg5 {[%emt 0:00:01]} fxg5 {[%emt 0:00:05]} 46. b4 {[%emt 0:00:01]} g4+ {[%emt
0:00:05]} 47. Ke3 {[%emt 0:00:04]} h5 {[%emt 0:00:01]} 48. Nd3 {[%emt 0:00:01]}
h4 {[%emt 0:00:06]} 49. Nf4 {[%emt 0:00:13]} g3 {[%emt 0:00:18]} 50. hxg3 {
[%emt 0:00:01]} hxg3 {[%emt 0:00:00]} 51. Kf3 {[%emt 0:00:02]} g2 {[%emt 0:00:
05]} 52. Nxg2 {[%emt 0:00:01]} Be6 {[%emt 0:00:05]} 53. Ke3 {[%emt 0:00:04]}
Kg4 {[%emt 0:00:04]} 54. Nf4 {[%emt 0:00:01]} Bg8 {[%emt 0:00:03]} 55. Ne2 {
[%emt 0:00:01]} Kh3 {[%emt 0:00:14]} 56. Nc3 {[%emt 0:00:02]} Kg2 {[%emt 0:00:
00]} 57. Nxb5 {[%emt 0:00:01]} Kf1 {[%emt 0:00:00]} 58. Kd3 {[%emt 0:00:01]}
Kf2 {[%emt 0:00:08]} 59. Nd6 {[%emt 0:00:02]} Bh7+ {[%emt 0:00:03]} 60. Kc3 {
[%emt 0:00:01]} b6 {[%emt 0:00:08]} 61. Nc8 {[%emt 0:00:04]} Ke3 {[%emt 0:00:
04]} 62. Nxb6 {[%emt 0:00:01]} Ke4 {[%emt 0:00:01]} 63. Nd7 {[%emt 0:00:02]}
Kf5 {[%emt 0:00:04]} 64. Nc5 {[%emt 0:00:03]} Kf6 {[%emt 0:00:02]} 65. b5 {
[%emt 0:00:01]} Ke7 {[%emt 0:00:01]} 66. b6 {[%emt 0:00:11]} Kd6 {[%emt 0:00:
00]} 67. Kb4 {[%emt 0:00:04]} Kc6 {[%emt 0:00:12]} 68. Ka5 {[%emt 0:00:06]
Ricardov resigns} 1-0

[Event "Villarobledo Online Qualifyer"]
[Site "playchess.com #155672"]
[Date "2009.05.23"]
[Round "3"]
[White "MiguelM"]
[Black "Torre repetto 2"]
[Result "1-0"]
[WhiteElo "1804"]
[BlackElo "1643"]
[PlyCount "97"]
[EventDate "2009.05.23"]
[EventType "swiss (blitz)"]

1. e4 {[%emt 0:00:01]} e6 {[%emt 0:00:02]} 2. d4 {[%emt 0:00:01]} d5 {[%emt 0:
00:04]} 3. e5 {[%emt 0:00:01]} c5 {[%emt 0:00:10]} 4. c3 {[%emt 0:00:03]} Qb6 {
[%emt 0:00:03]} 5. Nf3 {[%emt 0:00:01]} cxd4 {[%emt 0:00:04]} 6. cxd4 {[%emt 0:
00:01]} Bd7 {[%emt 0:00:04]} 7. a3 {[%emt 0:00:01]} a5 {[%emt 0:00:03]} 8. b3 {
[%emt 0:00:13]} Ne7 {[%emt 0:00:02]} 9. Bb2 {[%emt 0:00:01]} Ng6 {[%emt 0:00:
03]} 10. g3 {[%emt 0:00:16]} Be7 {[%emt 0:00:09]} 11. Be2 {[%emt 0:00:02]} O-O
{[%emt 0:00:01]} 12. O-O {[%emt 0:00:01]} Nc6 {[%emt 0:00:05]} 13. Qd3 {[%emt
0:00:12]} Rac8 {[%emt 0:00:23]} 14. Nbd2 {[%emt 0:00:03]} Qa7 {[%emt 0:00:09]}
15. Rac1 {[%emt 0:00:13]} b6 {[%emt 0:00:08]} 16. Qb1 {[%emt 0:00:06]} Qb7 {
[%emt 0:00:10]} 17. Rc2 {[%emt 0:00:04]} Na7 {[%emt 0:00:04]} 18. Rfc1 {[%emt
0:00:01]} Rxc2 {[%emt 0:00:02]} 19. Rxc2 {[%emt 0:00:01]} Rc8 {[%emt 0:00:01]}
20. Qc1 {[%emt 0:00:01]} Rxc2 {[%emt 0:00:03]} 21. Qxc2 {[%emt 0:00:01]} Qc6 {
[%emt 0:00:01]} 22. Qxc6 {[%emt 0:00:11]} Bxc6 {[%emt 0:00:01]} 23. Ne1 {[%emt
0:00:14]} Nb5 {[%emt 0:00:15]} 24. Nc2 {[%emt 0:00:04]} Nc7 {[%emt 0:00:18]}
25. a4 {[%emt 0:00:02]} Kf8 {[%emt 0:00:08]} 26. Ba3 {[%emt 0:00:01] Torre
repetto 2 ofrece tablas} Ke8 {[%emt 0:00:22]} 27. f4 {[%emt 0:00:05]} Bxa3 {
[%emt 0:00:12]} 28. Nxa3 {[%emt 0:00:01]} Ne7 {[%emt 0:00:01]} 29. Kf2 {[%emt
0:00:01]} Nf5 {[%emt 0:00:02]} 30. Nc2 {[%emt 0:00:04]} g6 {[%emt 0:00:05]} 31.
g4 {[%emt 0:00:01]} Ne7 {[%emt 0:00:03]} 32. h4 {[%emt 0:00:02]} Bb7 {[%emt 0:
00:02]} 33. Na3 {[%emt 0:00:11]} Bc6 {[%emt 0:00:07]} 34. Ndb1 {[%emt 0:00:07]}
Kd7 {[%emt 0:00:04]} 35. Nc3 {[%emt 0:00:01]} Nc8 {[%emt 0:00:02]} 36. Ke3 {
[%emt 0:00:08]} Na7 {[%emt 0:00:01]} 37. h5 {[%emt 0:00:06]} Ke7 {[%emt 0:00:
16]} 38. Bd3 {[%emt 0:00:07]} Ke8 {[%emt 0:00:08]} 39. f5 {[%emt 0:00:05]} exf5
{[%emt 0:00:03]} 40. gxf5 {[%emt 0:00:09]} g5 {[%emt 0:00:03]} 41. h6 {[%emt 0:
00:03]} Ke7 {[%emt 0:00:01]} 42. f6+ {[%emt 0:00:01]} Ke6 {[%emt 0:00:01]} 43.
Bxh7 {[%emt 0:00:01]} Kd7 {[%emt 0:00:06]} 44. Bf5+ {[%emt 0:00:02]} Ne6 {
[%emt 0:00:01]} 45. Bxe6+ {[%emt 0:00:01]} Kxe6 {[%emt 0:00:04]} 46. h7 {[%emt
0:00:01]} Kf5 {[%emt 0:00:04]} 47. h8=Q {[%emt 0:00:01]} g4 {[%emt 0:00:00]}
48. Qh5+ {[%emt 0:00:02]} Ke6 {[%emt 0:00:01]} 49. Qxg4# {[%emt 0:00:01]} 1-0

[Event "Villarobledo Online Qualifyer"]
[Site "playchess.com #155672"]
[Date "2009.05.23"]
[Round "3"]
[White "Ajaraisk"]
[Black "Drift"]
[Result "1-0"]
[WhiteElo "2168"]
[BlackElo "1814"]
[PlyCount "113"]
[EventDate "2009.05.23"]
[EventType "swiss (blitz)"]

1. e4 {[%emt 0:00:02]} c5 {[%emt 0:00:03]} 2. Nf3 {[%emt 0:00:01]} d6 {[%emt 0:
00:02]} 3. d4 {[%emt 0:00:01]} cxd4 {[%emt 0:00:01]} 4. Qxd4 {[%emt 0:00:00]}
Nc6 {[%emt 0:00:04]} 5. Bb5 {[%emt 0:00:01]} Bd7 {[%emt 0:00:01]} 6. Bxc6 {
[%emt 0:00:01]} Bxc6 {[%emt 0:00:01]} 7. Nc3 {[%emt 0:00:02]} e6 {[%emt 0:00:
03]} 8. Bg5 {[%emt 0:00:02]} Qc7 {[%emt 0:00:20]} 9. O-O-O {[%emt 0:00:03]} h6
{[%emt 0:00:01]} 10. Bh4 {[%emt 0:00:02]} Ne7 {[%emt 0:00:43]} 11. Qxd6 {[%emt
0:00:07]} Qxd6 {[%emt 0:00:01]} 12. Rxd6 {[%emt 0:00:02]} Ng6 {[%emt 0:00:01]}
13. Rdd1 {[%emt 0:00:09]} Nxh4 {[%emt 0:00:01]} 14. Nxh4 {[%emt 0:00:01]} Be7 {
[%emt 0:00:04]} 15. Nf3 {[%emt 0:00:02]} O-O {[%emt 0:00:02]} 16. Ne5 {[%emt 0:
00:04]} Bf6 {[%emt 0:00:06]} 17. Nxc6 {[%emt 0:00:01]} bxc6 {[%emt 0:00:02]}
18. Na4 {[%emt 0:00:07]} Rab8 {[%emt 0:00:05]} 19. b3 {[%emt 0:00:01]} Rb4 {
[%emt 0:00:04]} 20. Rhe1 {[%emt 0:00:10]} Rc8 {[%emt 0:00:13]} 21. c3 {[%emt 0:
00:06]} Rbb8 {[%emt 0:00:09]} 22. Kc2 {[%emt 0:00:01]} c5 {[%emt 0:00:03]} 23.
c4 {[%emt 0:00:02]} Bd4 {[%emt 0:00:03]} 24. f3 {[%emt 0:00:06]} Rc6 {[%emt 0:
00:04]} 25. Nc3 {[%emt 0:00:01]} Ra6 {[%emt 0:00:02]} 26. a4 {[%emt 0:00:03]}
Rab6 {[%emt 0:00:02]} 27. Nb5 {[%emt 0:00:01]} a6 {[%emt 0:00:03]} 28. Nxd4 {
[%emt 0:00:01]} cxd4 {[%emt 0:00:02]} 29. Rd3 {[%emt 0:00:04]} e5 {[%emt 0:00:
03]} 30. Rb1 {[%emt 0:00:02]} a5 {[%emt 0:00:04]} 31. f4 {[%emt 0:00:01]} f6 {
[%emt 0:00:02]} 32. fxe5 {[%emt 0:00:02]} fxe5 {[%emt 0:00:01]} 33. Rf3 {[%emt
0:00:01]} Rf8 {[%emt 0:00:08]} 34. Rbf1 {[%emt 0:00:08]} Rxf3 {[%emt 0:00:03]}
35. gxf3 {[%emt 0:00:01]} Rg6 {[%emt 0:00:02]} 36. Rf2 {[%emt 0:00:02]} Kf7 {
[%emt 0:00:07]} 37. Kd3 {[%emt 0:00:04]} Ke6 {[%emt 0:00:01]} 38. c5 {[%emt 0:
00:02]} Kd7 {[%emt 0:00:06]} 39. Kc4 {[%emt 0:00:02]} Kc6 {[%emt 0:00:01]} 40.
f4 {[%emt 0:00:16]} Rf6 {[%emt 0:00:03]} 41. f5 {[%emt 0:00:02]} Rf7 {[%emt 0:
00:08]} 42. Rg2 {[%emt 0:00:02]} Rd7 {[%emt 0:00:06]} 43. Rg6+ {[%emt 0:00:02]}
Kc7 {[%emt 0:00:02]} 44. Kd3 {[%emt 0:00:06]} Rf7 {[%emt 0:00:34]} 45. Ra6 {
[%emt 0:00:06]} Kb7 {[%emt 0:00:01]} 46. Rxa5 {[%emt 0:00:01]} g6 {[%emt 0:00:
01]} 47. fxg6 {[%emt 0:00:23]} Rf3+ {[%emt 0:00:09]} 48. Kc4 {[%emt 0:00:01]}
Rc3+ {[%emt 0:00:02]} 49. Kd5 {[%emt 0:00:03]} d3 {[%emt 0:00:01]} 50. c6+ {
[%emt 0:00:10]} Kb6 {[%emt 0:00:05]} 51. Rb5+ {[%emt 0:00:02]} Ka6 {[%emt 0:00:
01]} 52. Kxe5 {[%emt 0:00:02]} Rxc6 {[%emt 0:00:06]} 53. Rd5 {[%emt 0:00:02]}
Rxg6 {[%emt 0:00:01]} 54. Rxd3 {[%emt 0:00:03]} Ka5 {[%emt 0:00:03]} 55. Kf5 {
[%emt 0:00:03]} Rg5+ {[%emt 0:00:02]} 56. Kf6 {[%emt 0:00:03]} Rh5 {[%emt 0:00:
02]} 57. h3 {[%emt 0:00:01] Drift resigns} 1-0

[Event "Villarobledo Online Qualifyer"]
[Site "playchess.com #155672"]
[Date "2009.05.23"]
[Round "3"]
[White "Chesshero045"]
[Black "Freuds"]
[Result "1-0"]
[WhiteElo "1966"]
[BlackElo "1495"]
[PlyCount "77"]
[EventDate "2009.05.23"]
[EventType "swiss (blitz)"]

1. e4 {[%emt 0:00:04]} c5 {[%emt 0:00:01]} 2. c3 {[%emt 0:00:02]} Nc6 {[%emt 0:
00:01]} 3. d4 {[%emt 0:00:01]} cxd4 {[%emt 0:00:01]} 4. cxd4 {[%emt 0:00:02]}
g6 {[%emt 0:00:01]} 5. Nf3 {[%emt 0:00:02]} Bg7 {[%emt 0:00:01]} 6. Nc3 {[%emt
0:00:01]} d6 {[%emt 0:00:01]} 7. Bc4 {[%emt 0:00:04]} Bd7 {[%emt 0:00:02]} 8.
h3 {[%emt 0:00:01]} Nf6 {[%emt 0:00:04]} 9. O-O {[%emt 0:00:04]} O-O {[%emt 0:
00:03]} 10. Re1 {[%emt 0:00:15]} Rc8 {[%emt 0:00:05]} 11. e5 {[%emt 0:00:35]}
Ne8 {[%emt 0:00:37]} 12. e6 {[%emt 0:00:14]} fxe6 {[%emt 0:00:02]} 13. Bxe6+ {
[%emt 0:00:00]} Bxe6 {[%emt 0:00:05]} 14. Rxe6 {[%emt 0:00:00]} Rf6 {[%emt 0:
00:03]} 15. Re1 {[%emt 0:00:09]} Rf8 {[%emt 0:00:33]} 16. Bg5 {[%emt 0:00:15]}
Nf6 {[%emt 0:00:02]} 17. d5 {[%emt 0:00:14]} Nb4 {[%emt 0:00:21]} 18. a3 {
[%emt 0:00:07]} Na6 {[%emt 0:00:11]} 19. Nd4 {[%emt 0:00:04]} Nc5 {[%emt 0:00:
04]} 20. b4 {[%emt 0:00:01]} Ncd7 {[%emt 0:00:05]} 21. Rc1 {[%emt 0:00:34]} Ne5
{[%emt 0:00:34]} 22. Ne6 {[%emt 0:00:02]} Qd7 {[%emt 0:00:06]} 23. Nxf8 {[%emt
0:00:01]} Rxf8 {[%emt 0:00:02]} 24. Qe2 {[%emt 0:00:07]} Nf7 {[%emt 0:00:18]}
25. Bd2 {[%emt 0:00:02]} Re8 {[%emt 0:00:14]} 26. Qb5 {[%emt 0:00:03]} Qc7 {
[%emt 0:00:11]} 27. Ne4 {[%emt 0:00:08] .} Qd8 {[%emt 0:00:02]} 28. Nxf6+ {
[%emt 0:00:02]} Bxf6 {[%emt 0:00:01]} 29. Qxb7 {[%emt 0:00:05]} Ne5 {[%emt 0:
00:01]} 30. f4 {[%emt 0:00:03]} Nd3 {[%emt 0:00:01]} 31. Re3 {[%emt 0:00:12]}
Bd4 {[%emt 0:00:01]} 32. Rc3 {[%emt 0:00:05]} Bxe3+ {[%emt 0:00:02]} 33. Bxe3 {
[%emt 0:00:02]} Ne1 {[%emt 0:00:03]} 34. Bxa7 {[%emt 0:00:02]} e5 {[%emt 0:00:
01]} 35. dxe6 {[%emt 0:00:02]} Rxe6 {[%emt 0:00:02]} 36. Bd4 {[%emt 0:00:03]}
Nf3+ {[%emt 0:00:02]} 37. Rxf3 {[%emt 0:00:03]} Re1+ {[%emt 0:00:01]} 38. Kh2 {
[%emt 0:00:00]} Qh4 {[%emt 0:00:02]} 39. Qg7# {[%emt 0:00:02]} 1-0

[Event "Villarobledo Online Qualifyer"]
[Site "playchess.com #155672"]
[Date "2009.05.23"]
[Round "3"]
[White "Kingsize"]
[Black "Byrdmanjr"]
[Result "0-1"]
[WhiteElo "1492"]
[BlackElo "1963"]
[PlyCount "54"]
[EventDate "2009.05.23"]
[EventType "swiss (blitz)"]

1. e4 {[%emt 0:00:02]} e5 {[%emt 0:00:03]} 2. Nf3 {[%emt 0:00:02]} Nc6 {[%emt
0:00:01]} 3. Bc4 {[%emt 0:00:02]} Bc5 {[%emt 0:00:02]} 4. c3 {[%emt 0:00:01]}
Nf6 {[%emt 0:00:01]} 5. d4 {[%emt 0:00:02]} exd4 {[%emt 0:00:02]} 6. O-O {
[%emt 0:00:05]} dxc3 {[%emt 0:00:22]} 7. e5 {[%emt 0:00:02]} Ne4 {[%emt 0:00:
03]} 8. Qd5 {[%emt 0:00:03]} O-O {[%emt 0:00:37]} 9. Qxe4 {[%emt 0:00:05]} cxb2
{[%emt 0:00:01]} 10. Bxb2 {[%emt 0:00:02]} d5 {[%emt 0:00:12]} 11. Bxd5 {[%emt
0:00:05]} Nb4 {[%emt 0:00:04]} 12. Bb3 {[%emt 0:00:21]} Bd7 {[%emt 0:00:10]}
13. Nc3 {[%emt 0:00:03]} Bc6 {[%emt 0:00:03]} 14. Qg4 {[%emt 0:00:14]} Qe7 {
[%emt 0:00:23]} 15. Ne4 {[%emt 0:00:30]} Bxe4 {[%emt 0:00:18]} 16. Qxe4 {[%emt
0:00:07]} Nc6 {[%emt 0:00:06]} 17. Qg4 {[%emt 0:00:09]} Nb4 {[%emt 0:00:21]}
18. e6 {[%emt 0:00:09]} f6 {[%emt 0:00:05]} 19. Rad1 {[%emt 0:00:25]} Rad8 {
[%emt 0:00:04]} 20. Nd4 {[%emt 0:00:38]} g6 {[%emt 0:00:20]} 21. Nf5 {[%emt 0:
00:11]} Qe8 {[%emt 0:00:20]} 22. Nh6+ {[%emt 0:00:09]} Kh8 {[%emt 0:00:00]} 23.
Rxd8 {[%emt 0:00:06]} Qxd8 {[%emt 0:00:03]} 24. Nf7+ {[%emt 0:00:05]} Rxf7 {
[%emt 0:00:01]} 25. exf7 {[%emt 0:00:01]} Kg7 {[%emt 0:00:00]} 26. Rd1 {[%emt
0:00:07]} Nd3 {[%emt 0:00:03]} 27. Bxf6+ {[%emt 0:00:07]} Qxf6 {[%emt 0:00:03]
Time} 0-1

[Event "Villarobledo Online Qualifyer"]
[Site "playchess.com #155672"]
[Date "2009.05.23"]
[Round "3"]
[White "Jebe"]
[Black "Dellacasa"]
[Result "1-0"]
[WhiteElo "1942"]
[BlackElo "1387"]
[PlyCount "81"]
[EventDate "2009.05.23"]
[EventType "swiss (blitz)"]

1. d4 {[%emt 0:00:04]} Nf6 {[%emt 0:00:02]} 2. Nf3 {[%emt 0:00:05]} e6 {[%emt
0:00:01]} 3. Bg5 {[%emt 0:00:07]} Be7 {[%emt 0:00:03]} 4. Bxf6 {[%emt 0:00:07]}
Bxf6 {[%emt 0:00:01]} 5. e3 {[%emt 0:00:04]} d5 {[%emt 0:00:01]} 6. Bd3 {[%emt
0:00:01]} h6 {[%emt 0:00:13]} 7. Nbd2 {[%emt 0:00:04]} O-O {[%emt 0:00:02]} 8.
Qe2 {[%emt 0:00:01]} Nc6 {[%emt 0:00:11]} 9. h4 {[%emt 0:00:06]} Re8 {[%emt 0:
00:10]} 10. O-O-O {[%emt 0:00:04]} e5 {[%emt 0:00:08]} 11. dxe5 {[%emt 0:00:01]
} Nxe5 {[%emt 0:00:04]} 12. Nxe5 {[%emt 0:00:08]} Rxe5 {[%emt 0:00:09]} 13. g4
{[%emt 0:00:07]} c5 {[%emt 0:00:22]} 14. g5 {[%emt 0:00:01]} hxg5 {[%emt 0:00:
05]} 15. hxg5 {[%emt 0:00:04]} Rxg5 {[%emt 0:00:21]} 16. f4 {[%emt 0:00:40]}
Bg4 {[%emt 0:00:14]} 17. Qg2 {[%emt 0:00:19]} Bxd1 {[%emt 0:00:08]} 18. fxg5 {
[%emt 0:00:01]} Bxg5 {[%emt 0:00:49]} 19. Kxd1 {[%emt 0:00:04]} Qf6 {[%emt 0:
00:11]} 20. c3 {[%emt 0:00:16]} Bh6 {[%emt 0:00:10]} 21. Qxd5 {[%emt 0:00:05]}
Rd8 {[%emt 0:00:11]} 22. Qe4 {[%emt 0:00:01]} Rxd3 {[%emt 0:00:05]} 23. Qxd3 {
[%emt 0:00:06]} Qg5 {[%emt 0:00:03]} 24. Kc2 {[%emt 0:00:10] .} Qg2 {[%emt 0:
00:02]} 25. Qh7+ {[%emt 0:00:08]} Kxh7 {[%emt 0:00:02]} 26. Re1 {[%emt 0:00:02]
} Qg4 {[%emt 0:00:02]} 27. Nb3 {[%emt 0:00:02]} Qg6+ {[%emt 0:00:02]} 28. e4 {
[%emt 0:00:03]} Qg2+ {[%emt 0:00:02]} 29. Kb1 {[%emt 0:00:03]} Qg6 {[%emt 0:00:
03]} 30. Nxc5 {[%emt 0:00:02]} Qc6 {[%emt 0:00:02]} 31. Nd3 {[%emt 0:00:02]}
Qd7 {[%emt 0:00:03]} 32. Kc2 {[%emt 0:00:03]} Qe6 {[%emt 0:00:02]} 33. e5 {
[%emt 0:00:02]} Qh3 {[%emt 0:00:02]} 34. Nc5 {[%emt 0:00:07]} b6 {[%emt 0:00:
02]} 35. Nd3 {[%emt 0:00:04]} Qh2+ {[%emt 0:00:01]} 36. Kb3 {[%emt 0:00:02]}
Qd2 {[%emt 0:00:02]} 37. Kc4 {[%emt 0:00:09]} Qg5 {[%emt 0:00:07]} 38. b4 {
[%emt 0:00:04]} Qd8 {[%emt 0:00:02]} 39. Nf2 {[%emt 0:00:06]} Qe7 {[%emt 0:00:
02]} 40. Kb3 {[%emt 0:00:01]} f6 {[%emt 0:00:02]} 41. e6 {[%emt 0:00:01] Tiempo
} 1-0

[Event "Villarobledo Online Qualifyer"]
[Site "playchess.com #155672"]
[Date "2009.05.23"]
[Round "3"]
[White "ZECE"]
[Black "Senad_tesanj"]
[Result "1-0"]
[WhiteElo "2056"]
[BlackElo "1610"]
[PlyCount "93"]
[EventDate "2009.05.23"]
[EventType "swiss (blitz)"]

1. e4 {[%emt 0:00:03]} c5 {[%emt 0:00:02]} 2. Nf3 {[%emt 0:00:02]} d6 {[%emt 0:
00:01]} 3. d4 {[%emt 0:00:01]} cxd4 {[%emt 0:00:01]} 4. Nxd4 {[%emt 0:00:01]}
Nf6 {[%emt 0:00:03]} 5. Nc3 {[%emt 0:00:01]} a6 {[%emt 0:00:01]} 6. Bg5 {[%emt
0:00:01]} Nbd7 {[%emt 0:00:02]} 7. Bc4 {[%emt 0:00:01]} e6 {[%emt 0:00:02]} 8.
O-O {[%emt 0:00:02]} Be7 {[%emt 0:00:01]} 9. Kh1 {[%emt 0:00:04]} O-O {[%emt 0:
00:02]} 10. f4 {[%emt 0:00:01]} Qc7 {[%emt 0:00:03]} 11. Bb3 {[%emt 0:00:05]}
b5 {[%emt 0:00:07]} 12. e5 {[%emt 0:00:12]} dxe5 {[%emt 0:00:03]} 13. fxe5 {
[%emt 0:00:01]} Nxe5 {[%emt 0:00:15]} 14. Qe1 {[%emt 0:00:30]} Qc5 {[%emt 0:00:
38]} 15. Rd1 {[%emt 0:00:16]} Bb7 {[%emt 0:00:16]} 16. Qg3 {[%emt 0:00:07]} Kh8
{[%emt 0:00:18]} 17. Nde2 {[%emt 0:00:54]} Rad8 {[%emt 0:00:18]} 18. Nf4 {
[%emt 0:00:03]} Nc4 {[%emt 0:00:26]} 19. Nd3 {[%emt 0:00:09]} Qc6 {[%emt 0:00:
17]} 20. Bxc4 {[%emt 0:00:31]} bxc4 {[%emt 0:00:04]} 21. Ne5 {[%emt 0:00:01]}
Rxd1 {[%emt 0:00:18]} 22. Rxd1 {[%emt 0:00:05]} Qc8 {[%emt 0:00:20]} 23. Nf3 {
[%emt 0:00:03]} Re8 {[%emt 0:00:03]} 24. Bh4 {[%emt 0:00:03]} Nd5 {[%emt 0:00:
01]} 25. Bxe7 {[%emt 0:00:02]} Nxe7 {[%emt 0:00:01]} 26. Ne2 {[%emt 0:00:02]}
Rd8 {[%emt 0:00:01]} 27. Re1 {[%emt 0:00:03]} Qc6 {[%emt 0:00:01]} 28. Nf4 {
[%emt 0:00:01]} Nf5 {[%emt 0:00:01]} 29. Qg4 {[%emt 0:00:02]} Rd5 {[%emt 0:00:
02]} 30. Ng5 {[%emt 0:00:03]} f6 {[%emt 0:00:02]} 31. Nxh7 {[%emt 0:00:04]}
Kxh7 {[%emt 0:00:02]} 32. Qh5+ {[%emt 0:00:01]} Kg8 {[%emt 0:00:01]} 33. Ng6 {
[%emt 0:00:03]} Kf7 {[%emt 0:00:01]} 34. Ne5+ {[%emt 0:00:02]} Ke7 {[%emt 0:00:
02]} 35. Nxc6+ {[%emt 0:00:01]} Bxc6 {[%emt 0:00:01]} 36. Qg4 {[%emt 0:00:02]}
Kd6 {[%emt 0:00:02]} 37. Qf4+ {[%emt 0:00:01]} e5 {[%emt 0:00:01]} 38. Qxc4 {
[%emt 0:00:01]} Kd7 {[%emt 0:00:02]} 39. Qxa6 {[%emt 0:00:02]} Ne3 {[%emt 0:00:
08]} 40. Qa7+ {[%emt 0:00:03]} Kd6 {[%emt 0:00:01]} 41. Qxe3 {[%emt 0:00:01]}
Rd4 {[%emt 0:00:02]} 42. c3 {[%emt 0:00:01]} Rd5 {[%emt 0:00:01]} 43. h3 {
[%emt 0:00:01]} f5 {[%emt 0:00:02]} 44. Qe2 {[%emt 0:00:01]} f4 {[%emt 0:00:01]
} 45. Rd1 {[%emt 0:00:01]} Bb5 {[%emt 0:00:04]} 46. Rxd5+ {[%emt 0:00:01]} Kxd5
{[%emt 0:00:01]} 47. Qxb5+ {[%emt 0:00:01] Senad_tesanj resigns} 1-0